[Event "Game 1001 - Rated game, 120m + 20s"]
[Site "Beginners"]
[Date "2003.02.17"]
[Round "?"]
[White "kmreese"]
[Black "Androctonus"]
[Result "1-0"]
[WhiteElo "1586"]
[BlackElo "1438"]
[PlyCount "105"]
[EventDate "2003.??.??"]

1. e4 Nf6 2. Nc3 d6 3. f4 Bg4 4. Nf3 e5
5. Bc4 exf4 6. O-O c6 7. h3 Qb6+ 8. Kh1 Bxf3
9. Rxf3 d5 10. exd5 cxd5 11. Qe1+ Be7 12. Bb5+ Nc6
13. Rxf4 Rd8 14. d4 a6 15. Bd3 g5 16. Rf5 Nxd4
17. Rxg5 Qc7 18. g3 h6 19. Bf4 Qd7 20. Rg4 Nxc2
21. Qd1 Nb4 22. Be5 d4 23. Bxf6 Qc6+ 24. Be4 Qxf6
25. Rf4 Qe6 26. Qh5 Rf8 27. Bf5 Qe3 28. Raf1 dxc3
29. Bg6 Qe6 30. Bxf7+ Rxf7 31. Rxf7 Kd7 32. Rd1+ Nd5
33. bxc3 Rf8 34. Rxd5+ Kc6 35. Rxf8 Qe1+ 36. Kh2 Bxf8
37. h4 Bd6 38. Rd3 b5 39. Qf3+ Kd7 40. Rd1 Qe5
41. h5 a5 42. Kh3 Qe6+ 43. g4 a4 44. Qb7+ Ke8
45. Qxb5+ Ke7 46. Qd3 Kf6 47. Qg6+ Ke5 48. Re1+ Kf4
49. Rxe6 Kf3 50. Qe4+ Kf2 51. Qe3+ Kf1 52. Rf6+ Bf4
53. Rxf4# 1-0

[Event "Game 1002 - Rated game, 30m + 0s"]
[Site "Beginners"]
[Date "2003.02.17"]
[Round "?"]
[White "kmreese"]
[Black "kadde"]
[Result "1-0"]
[WhiteElo "1596"]
[BlackElo "1423"]
[PlyCount "25"]
[EventDate "2003.??.??"]

1. e4 e5 2. f4 Nc6 3. Nf3 f6 4. Bc4 Nge7
5. f5 a6 6. Nc3 b5 7. Bd5 Rb8 8. d4 Nxd5
9. Nxd5 Nxd4 10. Nxd4 exd4 11. e5 fxe5 12. f6 gxf6
13. Qh5# 1-0

[Event "Game 1003 - Rated game, 10m + 0s"]
[Site "Beginners"]
[Date "2003.02.17"]
[Round "?"]
[White "kmreese"]
[Black "fercsus"]
[Result "0-1"]
[WhiteElo "1465"]
[BlackElo "1391"]
[PlyCount "52"]
[EventDate "2003.??.??"]

1. e4 c5 2. f4 d6 3. Nf3 g6 4. Bc4 Bg7
5. f5 Nf6 6. Bxf7+ Kxf7 7. Ng5+ Ke8 8. fxg6 hxg6
9. O-O Rh5 10. d4 Bh6 11. g4 Bxg4 12. Qe1 Bxg5
13. Bxg5 Rxg5 14. Qh4 Rh5 15. Qf2 cxd4 16. Nd2 Nbd7
17. Rae1 Ne5 18. Qg3 Rh3 19. Qf4 Nf3+ 20. Nxf3 Rxf3
21. Rxf3 Bxf3 22. Qxf3 Rc8 23. h4 Rxc2 24. Rf1 Qa5
25. e5 Qxe5 26. h5 Qh2# 0-1

[Event "Game 1004 - Rated game, 15m + 0s"]
[Site "Main Playing Hall"]
[Date "2003.02.17"]
[Round "?"]
[White "EduardoLucas"]
[Black "kmreese"]
[Result "0-1"]
[WhiteElo "1470"]
[BlackElo "1443"]
[PlyCount "38"]
[EventDate "2003.??.??"]

1. e4 e5 2. Nf3 Nc6 3. Bc4 Bd6 4. c3 Nh6
5. d4 O-O 6. Bxh6 gxh6 7. d5 Ne7 8. Nh4 Ng6
9. Nxg6 fxg6 10. Nd2 Bc5 11. Nf3 d6 12. b4 Bb6
13. a4 a5 14. Bb5 Bg4 15. Be2 axb4 16. cxb4 c5
17. b5 Ba5+ 18. Nd2 Qh4 19. Bxg4 Qxf2# 0-1

[Event "Game 1005 - Rated game, 15m + 0s"]
[Site "Main Playing Hall"]
[Date "2003.02.17"]
[Round "?"]
[White "kmreese"]
[Black "EduardoLucas"]
[Result "1-0"]
[WhiteElo "1462"]
[BlackElo "1451"]
[Annotator "Black - Resign"]
[PlyCount "71"]
[EventDate "2003.??.??"]

1. e3 e5 2. Bc4 d5 3. Bb3 Nf6 4. e4 Bc5
5. Nf3 Nxe4 6. O-O Bxf2+ 7. Kh1 Bd4 8. d3 Nf2+
9. Rxf2 Bxf2 10. Nxe5 O-O 11. Qf3 Qf6 12. Bf4 Bd4
13. Ng4 Qd8 14. c3 Bb6 15. Bxd5 c6 16. Nh6+ gxh6
17. Qg3+ Kh8 18. Bxh6 Rg8 19. Qe5+ f6 20. Qf4 cxd5
21. Nd2 Bc7 22. Qf3 Qd6 23. Nf1 b6 24. Re1 Nc6
25. g3 Ne5 26. Qh5 Bb7 27. d4 Nd3 28. Re2 Ba6
29. Ne3 Bc4 30. Nf5 Qd8 31. Ne7 Nf2+ 32. Kg2 Rxg3+
33. hxg3 Bxe2 34. Qf7 Qg8 35. Nxg8 Rxg8 36. Qxf6+ {Black - Resign} 1-0

[Event "Game 1006 - Rated game, 15m + 0s"]
[Site "Main Playing Hall"]
[Date "2003.02.17"]
[Round "?"]
[White "EduardoLucas"]
[Black "kmreese"]
[Result "1-0"]
[WhiteElo "1433"]
[BlackElo "1480"]
[PlyCount "69"]
[EventDate "2003.??.??"]

1. e4 e5 2. Nf3 Nc6 3. Bc4 Nf6 4. d4 Nxe4
5. Bxf7+ Kxf7 6. Nxe5+ Kg8 7. O-O Ng5 8. c3 Bd6
9. Qb3+ Kf8 10. Bxg5 Qe8 11. Nd2 Nxe5 12. dxe5 Bxe5
13. Rfe1 d6 14. Bf4 Be6 15. c4 Bxf4 16. Ne4 Bxh2+
17. Kxh2 Qh5+ 18. Kg1 Qg6 19. Ng3 Re8 20. Re3 h5
21. Rae1 h4 22. Ne4 Bh3 23. Rxh3 Rxe4 24. Rxe4 Qxe4
25. Rf3+ Kg8 26. c5+ d5 27. Re3 Qg6 28. Qxd5+ Kh7
29. Rh3 Qh6 30. Qe4+ Kg8 31. Rd3 g6 32. Rd8+ Kh7
33. Rd7+ Kg8 34. Qe6+ Kf8 35. Qf7# 1-0

[Event "Game 1007 - Rated game, 10m + 0s"]
[Site "Main Playing Hall"]
[Date "2003.02.17"]
[Round "?"]
[White "fercsus"]
[Black "kmreese"]
[Result "1-0"]
[WhiteElo "1414"]
[BlackElo "1459"]
[PlyCount "105"]
[EventDate "2003.??.??"]

1. e4 c5 2. Nf3 d6 3. d4 cxd4 4. Nxd4 Nc6
5. Bb5 Bd7 6. O-O e5 7. Nf5 Nf6 8. Nxd6+ Bxd6
9. Qxd6 Qa5 10. Bxc6 bxc6 11. Bd2 Qa4 12. Qxe5+ Kf8
13. Qd6+ Kg8 14. e5 Ne4 15. Qxd7 Nxd2 16. Nxd2 Qxc2
17. b3 h5 18. Nc4 Kh7 19. Qxf7 Rhf8 20. Qxh5+ Kg8
21. Qh4 Rae8 22. Nd6 Rxe5 23. Qc4+ Qxc4 24. Nxc4 Ref5
25. Rad1 Kh7 26. Rd7 R8f6 27. Rxa7 c5 28. Re7 Kh6
29. Re2 g5 30. a4 g4 31. a5 Kh5 32. Ra2 Kh4
33. g3+ Kh3 34. a6 Rf3 35. a7 Rf8 36. a8=Q Rxa8
37. Rxa8 Rxg3+ 38. Kh1 Rg1+ 39. Rxg1 g3 40. fxg3 Kg4
41. Re1 Kf5 42. Rf8+ Kg6 43. Re4 Kg7 44. Rf5 Kg6
45. Ref4 Kg7 46. h4 Kg6 47. Rxc5 Kg7 48. Rd4 Kg6
49. Rd6+ Kf7 50. Rc7+ Ke8 51. Ra6 Kd8 52. Rh7 Kc8
53. Ra8# 1-0

[Event "Game 1008 - Rated game, 15m + 2s"]
[Site "Beginners"]
[Date "2003.02.18"]
[Round "?"]
[White "goldfisch"]
[Black "kmreese"]
[Result "1/2-1/2"]
[WhiteElo "1448"]
[BlackElo "1606"]
[Annotator "Black - Accepted Draw"]
[PlyCount "35"]
[EventDate "2003.??.??"]

1. e4 c5 2. Nc3 d6 3. d3 Nc6 4. Nf3 f6
5. d4 cxd4 6. Nxd4 Nxd4 7. Qxd4 e5 8. Qd1 Be6
9. Bb5+ Bd7 10. Bxd7+ Qxd7 11. O-O O-O-O 12. Nd5 Qb5
13. Nc3 Qc4 14. b3 Qxc3 15. Bb2 Qxb2 16. Qd3 Qa3
17. Qc4+ Kb8 18. Rfb1 {Black - Accepted Draw} 1/2-1/2

[Event "Game 1009 - Rated game, 20m + 0s"]
[Site "Beginners"]
[Date "2003.02.18"]
[Round "?"]
[White "Benjamin"]
[Black "kmreese"]
[Result "1-0"]
[WhiteElo "1594"]
[BlackElo "1598"]
[Annotator "Black - Resign"]
[PlyCount "57"]
[EventDate "2003.??.??"]

1. e4 c5 2. d4 cxd4 3. Qxd4 Nc6 4. Qc4 e6
5. Nc3 Ne5 6. Qb5 a6 7. Qxe5 d6 8. Qd4 Nf6
9. Bg5 e5 10. Qc4 Be6 11. Qa4+ b5 12. Qa3 d5
13. b4 d4 14. Nd5 a5 15. Qg3 axb4 16. Bxb5+ Bd7
17. Qxe5+ Be7 18. Bxf6 gxf6 19. Bxd7+ Qxd7 20. Nxf6+ Kd8
21. Nxd7 Kxd7 22. Qxd4+ Bd6 23. e5 Rhe8 24. Qxd6+ Kc8
25. Qc6+ Kd8 26. Qxa8+ Ke7 27. Qb7+ Ke6 28. Qxb4 f6
29. Nf3 {Black - Resign} 1-0

[Event "Game 1010 - Friendly Game, 15m + 2s"]
[Site "Beginners"]
[Date "2003.02.18"]
[Round "?"]
[White "kmreese"]
[Black "migabrie"]
[Result "1-0"]
[WhiteElo "1580"]
[BlackElo "1369"]
[Annotator "Black - Resign"]
[PlyCount "23"]
[EventDate "2003.??.??"]

1. e4 d6 2. d4 Nf6 3. Bc4 Nbd7 4. f4 e6
5. Nf3 b6 6. e5 d5 7. exf6 dxc4 8. f5 Qxf6
9. fxe6 Qxe6+ 10. Kf1 Ba6 11. Kf2 Bd6 12. Re1 {Black - Resign} 1-0

[Event "Game 1011 - Friendly Game, 15m + 2s"]
[Site "Beginners"]
[Date "2003.02.18"]
[Round "?"]
[White "migabrie"]
[Black "kmreese"]
[Result "1-0"]
[WhiteElo "1369"]
[BlackElo "1580"]
[PlyCount "61"]
[EventDate "2003.??.??"]

1. d4 d5 2. Nf3 Nf6 3. Bf4 Nc6 4. e3 Bf5
5. Bd3 Bxd3 6. Qxd3 h6 7. h3 g5 8. Bg3 e6
9. b3 a6 10. c4 Nb4 11. Qd2 dxc4 12. bxc4 Ne4
13. Qe2 a5 14. a3 Qd6 15. Bxd6 Bxd6 16. axb4 Bxb4+
17. Nbd2 Nc3 18. Qd3 e5 19. dxe5 Rd8 20. Nd4 c5
21. Ne4 Nxe4+ 22. Kf1 Nd2+ 23. Kg1 cxd4 24. exd4 Rg8
25. Kh2 g4 26. Rhg1 f6 27. exf6 Bd6+ 28. Kh1 Bf4
29. Rae1+ Kf7 30. Qh7+ Kf8 31. Qe7# 1-0

[Event "Game 1012 - Friendly Game, 20m + 0s"]
[Site "Beginners"]
[Date "2003.02.18"]
[Round "?"]
[White "kadde"]
[Black "kmreese"]
[Result "0-1"]
[WhiteElo "1414"]
[BlackElo "1580"]
[Annotator "White - Resign"]
[PlyCount "94"]
[EventDate "2003.??.??"]

1. e4 e5 2. Nf3 Bd6 3. Bc4 Nf6 4. Nc3 Nc6
5. d3 O-O 6. O-O Bc5 7. a3 Re8 8. b4 Bd4
9. Nxd4 exd4 10. Nd5 Ne5 11. Bg5 c6 12. Nxf6+ gxf6
13. Bh4 d5 14. exd5 cxd5 15. Bb3 Bf5 16. f4 Ng4
17. Rc1 Ne3 18. Qe1 a5 19. Rf3 a4 20. Qg3+ Ng4
21. Ba2 Rc8 22. Bb1 Kf8 23. Re1 Rxe1+ 24. Qxe1 Nh6
25. b5 Qd6 26. c4 Bg4 27. Rf2 Re8 28. Qd2 Nf5
29. g3 dxc4 30. dxc4 Nxh4 31. gxh4 Qxa3 32. Bxh7 Kg7
33. Bc2 f5 34. Rg2 f6 35. Bxf5 d3 36. Rxg4+ Kf8
37. Rg6 Qc5+ 38. Kg2 Qxf5 39. Qb4+ Kf7 40. h5 Re2+
41. Kf3 Qe4+ 42. Kg3 Qg2+ 43. Kh4 Qxh2+ 44. Kg4 Rg2+
45. Kf5 Qxh5+ 46. Ke4 Qxg6+ 47. Kd5 Rg5+ {White - Resign} 0-1

[Event "Game 1014 - Rated game, 20m + 0s"]
[Site "Main Playing Hall"]
[Date "2003.02.18"]
[Round "?"]
[White "flobby-zischer"]
[Black "kmreese"]
[Result "1-0"]
[WhiteElo "1814"]
[BlackElo "1563"]
[Annotator "Black - Resign"]
[PlyCount "37"]
[EventDate "2003.??.??"]

1. d4 d5 2. Nc3 Be6 3. Nf3 Nc6 4. e3 Nf6
5. Bd3 Nb4 6. Bb5+ c6 7. Ba4 b5 8. Bb3 Bf5
9. a3 Nxc2+ 10. Bxc2 e5 11. Bxf5 exd4 12. exd4 Qe7+
13. Qe2 Ne4 14. Nxe4 dxe4 15. Qxe4 Qxe4+ 16. Bxe4 Bd6
17. O-O O-O 18. Bd2 Rfe8 19. Bxc6 { Black - Resign} 1-0

[Event "Game 1017 - Friendly Game, 15m + 0s"]
[Site "Main Playing Hall"]
[Date "2003.02.19"]
[Round "?"]
[White "FabianKroger"]
[Black "kmreese"]
[Result "1-0"]
[WhiteElo "2180"]
[BlackElo "1439"]
[PlyCount "49"]
[EventDate "2003.??.??"]

1. e4 c5 2. Nf3 d6 3. d4 d5 4. dxc5 Nf6
5. exd5 Nxd5 6. c4 Qa5+ 7. Bd2 Nb4 8. a3 N8c6
9. Nc3 e5 10. axb4 Qc7 11. Nd5 Qd7 12. b5 Nd4
13. Nxe5 Qf5 14. Bd3 Qxe5+ 15. Be3 Bxc5 16. O-O h5
17. Bf4 Ne2+ 18. Bxe2 Qxb2 19. Nc7+ Ke7 20. Re1 Be6
21. Bg5+ f6 22. Nxe6 fxg5 23. Nxc5 Rad8 24. Bxh5+ Kf6
25. Qf3# 1-0

[Event "Game 1018 - Friendly Game, 15m + 0s"]
[Site "Main Playing Hall"]
[Date "2003.02.19"]
[Round "?"]
[White "kmreese"]
[Black "FabianKroger"]
[Result "0-1"]
[WhiteElo "1439"]
[BlackElo "2180"]
[PlyCount "46"]
[EventDate "2003.??.??"]

1. e4 c5 2. f4 g6 3. Bc4 Bg7 4. e5 f6
5. Nf3 fxe5 6. fxe5 Nc6 7. d4 cxd4 8. Nxd4 Nxe5
9. Nd2 Nf6 10. N4f3 Nxc4 11. Nxc4 O-O 12. Bg5 Ne4
13. Qd5+ e6 14. Qxe4 d5 15. Qd3 Bf6 16. Bxf6 Qxf6
17. Nce5 b6 18. O-O a5 19. Rae1 Ba6 20. Qd4 Bxf1
21. Rxf1 Rac8 22. b3 Rxc2 23. Ne1 Qxf1# 0-1

[Event "Game 1019 - Friendly Game, 15m + 0s"]
[Site "Main Playing Hall"]
[Date "2003.02.19"]
[Round "?"]
[White "FabianKroger"]
[Black "kmreese"]
[Result "1-0"]
[WhiteElo "2180"]
[BlackElo "1439"]
[Annotator "Black - Time"]
[PlyCount "45"]
[EventDate "2003.??.??"]

1. e4 e5 2. Bc4 Nf6 3. d3 Bc5 4. Nc3 d6
5. f4 Bg4 6. Nf3 Nc6 7. Na4 Bb6 8. Nxb6 axb6
9. c3 O-O 10. O-O d5 11. exd5 Nxd5 12. h3 Bxf3
13. Qxf3 Nxf4 14. Bxf4 exf4 15. Qxf4 Qe7 16. Rae1 Qd7
17. d4 Rae8 18. Rxe8 Qxe8 19. Qxc7 Nd8 20. Qxb6 h6
21. Qd6 Kh8 22. Kf2 f6 23. Re1 {Black - Time} 1-0

[Event "Game 1020 - Rated game, 15m + 0s"]
[Site "Beginners"]
[Date "2003.02.19"]
[Round "?"]
[White "kmreese"]
[Black "IRONPAWNUSA2003"]
[Result "1-0"]
[WhiteElo "1439"]
[BlackElo "1267"]
[PlyCount "55"]
[EventDate "2003.??.??"]

1. e4 c6 2. d4 d5 3. exd5 cxd5 4. Bf4 Nc6
5. c3 Bf5 6. Nf3 e6 7. Ng5 Be7 8. h4 h6
9. Nf3 Nf6 10. Bb5 O-O 11. O-O Bg4 12. Bd3 Ne4
13. Qe2 Bxh4 14. g3 Bg5 15. c4 Nxd4 16. Qe3 Nxf3+
17. Kg2 Bxf4 18. Qxf4 Nf6 19. Rh1 h5 20. Be2 Ne5
21. Qxe5 Ne4 22. Bxg4 Qg5 23. Qxg5 Nxg5 24. Rxh5 Ne4
25. Nd2 Nxd2 26. Rah1 f6 27. Bxe6+ Rf7 28. Rh8# 1-0

[Event "Game 1021 - Rated game, 15m + 0s"]
[Site "Beginners"]
[Date "2003.02.19"]
[Round "?"]
[White "IRONPAWNUSA2003"]
[Black "kmreese"]
[Result "1-0"]
[WhiteElo "1243"]
[BlackElo "1449"]
[PlyCount "43"]
[EventDate "2003.??.??"]

1. Nf3 d5 2. d4 Nc6 3. c4 dxc4 4. e3 Bf5
5. Nbd2 b5 6. e4 Bg4 7. Be2 b4 8. Nxc4 Bxf3
9. Bxf3 Nxd4 10. Qa4+ c6 11. O-O Nxf3+ 12. gxf3 Rc8
13. Bf4 e6 14. Rad1 Qf6 15. Qxa7 Qg6+ 16. Bg3 Nf6
17. Ne5 Qh5 18. Nd7 Be7 19. Nxf6+ Bxf6 20. Qd7+ Kf8
21. Qxc8+ Ke7 22. Rd7# 1-0

[Event "Game 1022 - Rated game, 15m + 0s"]
[Site "Beginners"]
[Date "2003.02.19"]
[Round "?"]
[White "kmreese"]
[Black "El_Agua"]
[Result "0-1"]
[WhiteElo "1421"]
[BlackElo "1543"]
[Annotator "White - Time"]
[PlyCount "118"]
[EventDate "2003.??.??"]

1. e4 c6 2. d4 d5 3. e5 Bf5 4. e6 Bxe6
5. g4 Nf6 6. h3 Ne4 7. Bd3 Nd7 8. f3 Nd6
9. Bf4 Nb6 10. b3 Bc8 11. Nc3 e6 12. h4 Qf6
13. Nge2 h6 14. Qd2 Bd7 15. g5 hxg5 16. Bxg5 Qxf3
17. O-O-O f6 18. Rdf1 Qh5 19. Ng3 Qg4 20. Be2 Ne4
21. Ngxe4 Qg2 22. Rfg1 Qxg1+ 23. Rxg1 dxe4 24. Bxf6 gxf6
25. Nxe4 Bh6 26. Nxf6+ Ke7 27. Ng8+ Rhxg8 28. Qxh6 Rxg1+
29. Kb2 Rag8 30. Bh5 Nd5 31. a3 R1g2 32. Qh7+ R8g7
33. Qh6 b5 34. b4 R2g3 35. a4 bxa4 36. Qd2 Rg2
37. Qe1 Nf4 38. Ka3 Rg1 39. Qd2 R1g2 40. Qxf4 Rxc2
41. Bd1 Rcg2 42. Kxa4 R7g3 43. Bb3 Rg4 44. Qb8 Rg1
45. d5 Ra1+ 46. Ba2 Rxa2+ 47. Kb3 Ra6 48. d6+ Kf7
49. h5 Rg3+ 50. Kc4 Rg4+ 51. Kb3 Rb6 52. Qh8 Rbxb4+
53. Ka3 Ra4+ 54. Kb3 Rgb4+ 55. Kc3 Rc4+ 56. Kd3 Rd4+
57. Ke3 Re4+ 58. Kf3 Rf4+ 59. Kg3 Rg4+ {White - Time} 0-1

[Event "Game 1023 - Rated game, 15m + 0s"]
[Site "Beginners"]
[Date "2003.02.20"]
[Round "?"]
[White "kmreese"]
[Black "berndinho"]
[Result "0-1"]
[WhiteElo "1409"]
[BlackElo "1550"]
[Annotator "White - Resign"]
[PlyCount "82"]
[EventDate "2003.??.??"]

1. e4 c5 2. f4 e6 3. e5 d5 4. exd6 Bxd6
5. Bc4 Bxf4 6. Ne2 Bh6 7. O-O b6 8. Nbc3 Bb7
9. Bb5+ Nc6 10. Ne4 a6 11. Bc4 b5 12. Nxc5 Qb6
13. d4 bxc4 14. Bxh6 Nxh6 15. Nf4 Rd8 16. Qe2 Nxd4
17. Qe5 Ndf5 18. Nh5 Rg8 19. Rae1 Rc8 20. Rxf5 Nxf5
21. Qxf5 Qxc5+ 22. Qxc5 Rxc5 23. Nf4 Ke7 24. b4 cxb3
25. axb3 Rxc2 26. Nd3 Rxg2+ 27. Kf1 Rxh2 28. Nc5 Rb8
29. Rd1 Rh1+ 30. Ke2 Rxd1 31. Kxd1 Bd5 32. Kc2 Kd6
33. Nxa6 Rxb3 34. Kd2 Kc6 35. Kc1 Kb6 36. Nb8 Kb7
37. Nd7 Kc7 38. Ne5 f6 39. Ng4 f5 40. Nf2 g5
41. Nh3 Rxh3 {White - Resign} 0-1

[Event "Game 1025 - Rated game, 15m + 0s"]
[Site "Beginners"]
[Date "2003.02.20"]
[Round "?"]
[White "kmreese"]
[Black "Octopussy"]
[Result "0-1"]
[WhiteElo "1390"]
[BlackElo "1321"]
[Annotator "White - Resign"]
[PlyCount "40"]
[EventDate "2003.??.??"]

1. e4 c5 2. f4 d5 3. e5 e6 4. Nc3 f6
5. Bb5+ Bd7 6. a4 Qa5 7. exf6 Nxf6 8. Nf3 d4
9. Ne5 dxc3 10. dxc3 Bxb5 11. Bd2 Ba6 12. b4 cxb4
13. cxb4 Bxb4 14. Nf3 Ne4 15. c4 Bxd2+ 16. Nxd2 O-O
17. Rc1 Rxf4 18. Rc2 Nf2 19. Ke2 Qe5+ 20. Kf1 Nxd1+ { White - Resign} 0-1

[Event "Game 1026 - Rated game, 15m + 0s"]
[Site "Beginners"]
[Date "2003.02.20"]
[Round "?"]
[White "Octopussy"]
[Black "kmreese"]
[Result "0-1"]
[WhiteElo "1321"]
[BlackElo "1368"]
[PlyCount "30"]
[EventDate "2003.??.??"]

1. d4 Nf6 2. Nf3 d5 3. c4 Ne4 4. Nbd2 Bf5
5. Qa4+ c6 6. cxd5 b5 7. Qb4 e5 8. Qb3 exd4
9. Nxd4 Nc5 10. Qe3+ Ne4 11. Nxf5 cxd5 12. Nxe4 dxe4
13. Qxe4+ Be7 14. Qxa8 Bb4+ 15. Bd2 Qxd2# 0-1

[Event "Game 1027 - Rated game, 30m + 0s"]
[Site "Main Playing Hall"]
[Date "2003.02.20"]
[Round "?"]
[White "s.z."]
[Black "kmreese"]
[Result "0-1"]
[WhiteElo "1384"]
[BlackElo "1541"]
[PlyCount "84"]
[EventDate "2003.??.??"]

1. d4 d5 2. e3 Nc6 3. Bd3 e5 4. c3 Nf6
5. Qb3 e4 6. Bc2 Na5 7. Qb5+ c6 8. Qe2 Nc4
9. Bb3 Bg4 10. Qf1 Na5 11. h3 Nxb3 12. axb3 Bh5
13. b4 a5 14. b5 c5 15. b3 cxd4 16. cxd4 a4
17. bxa4 Qa5+ 18. Bd2 Bb4 19. Ne2 Rc8 20. Nec3 Nd7
21. g4 Rxc3 22. Nxc3 Bxc3 23. Rc1 Bxd2+ 24. Kd1 Bxc1
25. Kxc1 Qc3+ 26. Kd1 Bg6 27. Qe2 Qa1+ 28. Kd2 Qxh1
29. Qd1 Qxh3 30. Qc2 O-O 31. Qc7 Nf6 32. Qxb7 Nxg4
33. a5 Qf1 34. a6 Qd3+ 35. Kc1 Bf5 36. a7 Rc8+
37. Kb2 Qc2+ 38. Ka3 Rc3+ 39. Kb4 Qb3+ 40. Ka5 Qa3+
41. Kb6 Qd6+ 42. Ka5 Ra3# 0-1

[Event "Game 1028 - Friendly Game, 15m + 0s"]
[Site "Main Playing Hall"]
[Date "2003.02.20"]
[Round "?"]
[White "FabianKroger"]
[Black "kmreese"]
[Result "1-0"]
[WhiteElo "2167"]
[BlackElo "1404"]
[Annotator "Black - Resign"]
[PlyCount "71"]
[EventDate "2003.??.??"]

1. e4 e5 2. Nf3 Nc6 3. d4 d6 4. dxe5 dxe5
5. Qxd8+ Nxd8 6. Nxe5 Bc5 7. Nc3 Nf6 8. Bg5 O-O
9. Bxf6 gxf6 10. Nd3 Be7 11. Nd5 Bd6 12. Nxf6+ Kh8
13. e5 Be7 14. Nd5 Bg5 15. f4 Bh6 16. Nxc7 Rb8
17. Nb5 Bf5 18. g3 Rc8 19. O-O-O Nc6 20. Nd6 Bxd3
21. Rxd3 Rcd8 22. Nf5 Nb4 23. Rxd8 Rxd8 24. Nxh6 Nxa2+
25. Kb1 Nb4 26. Nxf7+ Kg7 27. Nxd8 b5 28. Bxb5 Nd5
29. Rd1 Nb6 30. Nc6 Kg6 31. Rd8 Kf5 32. h3 a6
33. Bd3+ Ke6 34. f5+ Kf7 35. Rb8 Nd7 36. e6+ {Black - Resign} 1-0

[Event "Game 1029 - Rated game, 15m + 0s"]
[Site "Main Playing Hall"]
[Date "2003.02.21"]
[Round "?"]
[White "kmreese"]
[Black "Uli2"]
[Result "0-1"]
[WhiteElo "1404"]
[BlackElo "1457"]
[PlyCount "68"]
[EventDate "2003.??.??"]

1. e4 e6 2. d4 c6 3. e5 d5 4. Nf3 f5
5. Bd3 h6 6. h4 Bb4+ 7. Nc3 Ne7 8. Nd2 Nd7
9. a3 Ba5 10. b4 Bb6 11. b5 Bxd4 12. Bb2 c5
13. Nf3 Bxe5 14. a4 O-O 15. Nxe5 Nxe5 16. a5 d4
17. Na4 Nxd3+ 18. Qxd3 b6 19. Ba3 e5 20. Qc4+ Kh8
21. O-O Ng6 22. g3 Qf6 23. Rfe1 Be6 24. Qe2 e4
25. Rad1 f4 26. f3 e3 27. Nb2 fxg3 28. Nc4 Nf4
29. Qf1 Qxh4 30. Re2 Nxe2+ 31. Qxe2 Bxc4 32. Qxc4 Qh2+
33. Kf1 Rxf3+ 34. Ke1 Qf2# 0-1

[Event "Game 1030 - Rated game, 15m + 0s"]
[Site "Beginners"]
[Date "2003.02.21"]
[Round "?"]
[White "kmreese"]
[Black "Sinbad"]
[Result "0-1"]
[WhiteElo "1389"]
[BlackElo "1327"]
[Annotator "White - Resign"]
[PlyCount "42"]
[EventDate "2003.??.??"]

1. e4 e5 2. f4 Nc6 3. fxe5 Nxe5 4. d4 Ng6
5. Bc4 d6 6. Ne2 Nf6 7. e5 Ne4 8. e6 Bxe6
9. Bxe6 fxe6 10. O-O d5 11. Nf4 Nxf4 12. Rxf4 Qd6
13. Qh5+ g6 14. Qh4 Be7 15. Qh6 Bf8 16. Qh4 g5
17. Qh5+ Kd7 18. Rf7+ Be7 19. Nc3 Raf8 20. Nxe4 dxe4
21. Rxh7 Qxd4+ {White - Resign} 0-1

[Event "Game 1033 - Rated game, 15m + 0s"]
[Site "Beginners"]
[Date "2003.02.21"]
[Round "?"]
[White "theoldman"]
[Black "kmreese"]
[Result "1-0"]
[WhiteElo "1568"]
[BlackElo "1361"]
[PlyCount "145"]
[EventDate "2003.??.??"]

1. e4 e5 2. d3 Nf6 3. h3 Bc5 4. Qf3 d5
5. Nd2 dxe4 6. Nxe4 Nxe4 7. Qxe4 O-O 8. Nf3 f5
9. Qh4 Be7 10. Qg3 f4 11. Qh2 Nc6 12. c3 Re8
13. d4 exd4 14. Nxd4 Bc5+ 15. Ne2 Bd6 16. Bxf4 Nb4
17. Bxd6 Nd3+ 18. Kd2 Nxf2 19. Rg1 Ne4+ 20. Ke1 Nxd6
21. Rd1 Bf5 22. Kf2 Ne4+ 23. Ke1 Qe7 24. g4 Ng5
25. Qf2 g6 26. gxf5 Ne4 27. Qf3 Qh4+ 28. Ng3 Ng5+
29. Kf2 Nxf3 30. Kxf3 g5 31. Rd4 Qh6 32. h4 Qc6+
33. Ne4 h6 34. hxg5 h5 35. Bc4+ Kh8 36. g6 Rad8
37. Rgd1 Rxe4 38. Rxd8+ Kg7 39. R1d7+ Kh6 40. Rh7+ Kg5
41. Bd5 Rf4+ 42. Ke3 Qc5+ 43. Kd3 Qb5+ 44. Bc4 Qxf5+
45. Kd2 Rf2+ 46. Ke1 Qc2 47. g7 Qxh7 48. g8=Q+ Qg6
49. Rd5+ Kh6 50. Qh8+ Qh7 51. Rxh5+ Kxh5 52. Qxh7+ Kg4
53. Qe4+ Kg5 54. Qe3+ Rf4 55. Qxa7 Kg4 56. Qxb7 Kg3
57. Qxc7 Kf3 58. Qxf4+ Kxf4 59. a4 Ke5 60. a5 Kd6
61. b4 Kc7 62. b5 Kb7 63. Bb3 Ka7 64. Ba4 Kb7
65. a6+ Ka7 66. c4 Kb6 67. Kd2 Ka7 68. Kc3 Kb6
69. Kb4 Ka7 70. Ka5 Ka8 71. b6 Kb8 72. a7+ Ka8
73. Bc6# 1-0

[Event "Game 1034 - Rated game, 15m + 0s"]
[Site "Beginners"]
[Date "2003.02.21"]
[Round "?"]
[White "kmreese"]
[Black "jordi"]
[Result "0-1"]
[WhiteElo "1352"]
[BlackElo "1416"]
[Annotator "White - Resign"]
[PlyCount "100"]
[EventDate "2003.??.??"]

1. e4 c6 2. d4 e6 3. e5 c5 4. Nf3 cxd4
5. Nxd4 Bc5 6. Bb5 Qb6 7. c3 Bxd4 8. cxd4 Qxb5
9. Nc3 Qa5 10. Bd2 Qb6 11. d5 Qxb2 12. d6 Nc6
13. Rb1 Qa3 14. Nb5 Qxa2 15. Nc7+ Kf8 16. Nxa8 Nxe5
17. O-O Nf6 18. Rc1 Nc6 19. Ra1 Qd5 20. Nc7 Qxd6
21. Nb5 Qb8 22. g3 a6 23. Bf4 Qa8 24. Qa4 h6
25. Nc7 Qa7 26. Be3 Qb8 27. Bf4 e5 28. Qa3+ Kg8
29. Qd6 exf4 30. Rac1 Ne8 31. Qxf4 Nxc7 32. Rfd1 b5
33. Rxc6 dxc6 34. Rd8+ Kh7 35. Qe4+ g6 36. Qe7 Rxd8
37. Qxf7+ Kh8 38. Qf6+ Kg8 39. Qxd8+ Kf7 40. f4 Ne6
41. Qd2 Qb6+ 42. Kg2 c5 43. h4 c4 44. h5 Bb7+
45. Kh2 g5 46. Qd7+ Kf6 47. fxg5+ Kxg5 48. Qe7+ Kf5
49. Qf7+ Ke5 50. Kh3 Ng5+ { White - Resign} 0-1

[Event "Game 1035 - Rated game, 15m + 0s"]
[Site "Beginners"]
[Date "2003.02.21"]
[Round "?"]
[White "Miras"]
[Black "kmreese"]
[Result "1-0"]
[WhiteElo "1510"]
[BlackElo "1338"]
[Annotator "Black - Resign"]
[PlyCount "37"]
[EventDate "2003.??.??"]

1. e4 e5 2. Nf3 Nc6 3. Bc4 Bc5 4. c3 Nf6
5. d3 Bxf2+ 6. Kxf2 Ng4+ 7. Ke1 a6 8. Bxf7+ Kxf7
9. Ng5+ Ke8 10. Qxg4 d5 11. Ne6 Bxe6 12. Qxe6+ Kf8
13. Rf1+ Qf6 14. Rxf6+ gxf6 15. Qxf6+ Ke8 16. Qxh8+ Ke7
17. Qxa8 Kf6 18. Qxb7 Ne7 19. exd5 { Black - Resign} 1-0

[Event "Game 1036 - Rated game, 15m + 0s"]
[Site "Beginners"]
[Date "2003.02.21"]
[Round "?"]
[White "kmreese"]
[Black "-schakal-"]
[Result "1-0"]
[WhiteElo "1328"]
[BlackElo "1346"]
[PlyCount "63"]
[EventDate "2003.??.??"]

1. e4 e5 2. f4 Nc6 3. Bc4 Qf6 4. fxe5 Qxe5
5. Nf3 Qxe4+ 6. Be2 d6 7. d3 Qg6 8. Nc3 Be6
9. Nh4 Qf6 10. Rf1 Qxh4+ 11. g3 Qxh2 12. Ne4 Nf6
13. Rf2 Qh1+ 14. Bf1 Nxe4 15. dxe4 Bc4 16. Kd2 Qh6+
17. Kc3 Qe6 18. e5 Bxf1 19. Rxf1 Qxe5+ 20. Kb3 Qxg3+
21. c3 O-O-O 22. Rxf7 Na5+ 23. Kb4 b6 24. Bf4 d5+
25. Ka4 Qh4 26. Rxc7+ Kb8 27. Rf7+ Kc8 28. Rc7+ Kb8
29. Rf7+ Ka8 30. c4 Bd6 31. Qxd5+ Nb7 32. Qxb7# 1-0